Αναπαραστάσεις του εαυτού και της ετερότητας μέσα από το παράδειγμα των μικτών γάμων : μεταπτυχιακή διατριβή

Αποθηκεύτηκε σε:
Λεπτομέρειες βιβλιογραφικής εγγραφής
Κύριος συγγραφέας: Αλτίνογλου, Ελένη
Συγγραφή απο Οργανισμό/Αρχή: Πανεπιστήμιο Αιγαίου. Σχολή Κοινωνικών Επιστημών. Τμήμα Κοινωνικής Ανθρωπολογίας και Ιστορίας. Πρόγραμμα Μεταπτυχιακών Σπουδών Κοινωνική και Ιστορική Ανθρωπολογία
Άλλοι συγγραφείς: Καντσά, Βενετία (Εισηγητής διατριβής)
Μορφή: Thesis Βιβλίο
Γλώσσα:Greek
Δημοσίευση: Μυτιλήνη : Πανεπιστήμιο Αιγαίου, Τμήμα Κοινωνικής Ανθρωπολογίας και Ιστορίας, 2004
Θέματα:
Διαθέσιμο Online:http://hdl.handle.net/11610/14514
Ετικέτες: Προσθήκη ετικέτας
Δεν υπάρχουν, Καταχωρήστε ετικέτα πρώτοι!

MARC

LEADER 00000cam a2200000 i 4500
001 1/24454
008 060216s2005 gre d
035 |l 10082674 
040 |a GR-MY-UA  |b gre  |e aacr 
041 0 |a gre 
082 0 |a 306.843  |2 (22) 
100 1 |a Αλτίνογλου, Ελένη. 
245 1 0 |a Αναπαραστάσεις του εαυτού και της ετερότητας μέσα από το παράδειγμα των μικτών γάμων :  |b μεταπτυχιακή διατριβή /  |c Ελένη Αλτίνογλου ; υπεύθυνη καθηγήτρια Βενετία Καντσά 
260 |a Μυτιλήνη :   |b Πανεπιστήμιο Αιγαίου, Τμήμα Κοινωνικής Ανθρωπολογίας και Ιστορίας,   |c 2004 
300 |a 86 σ.;  |c 30 εκ. 
502 |a Διατριβή (μεταπτυχιακή) – Πανεπιστήμιο Αιγαίου, Λέσβος, 2004. 
504 |a Βιβλιογραφία: σ. 79-86 
650 0 0 |a Marriage. 
650 0 0 |a Intermarriage. 
650 0 0 |a Interethnic marriage. 
650 0 0 |a Interracial marriage. 
650 0 0 |a Interfaith marriage. 
650 0 0 |a Social role. 
650 0 0 |a Identity (Psychology) 
650 0 0 |a Self. 
650 0 0 |a Dissertations, Academic  |z Greece. 
700 1 |4 ths  |a Καντσά, Βενετία. 
710 2 |a Πανεπιστήμιο Αιγαίου.   |b Σχολή Κοινωνικών Επιστημών.   |b Τμήμα Κοινωνικής Ανθρωπολογίας και Ιστορίας.   |b Πρόγραμμα Μεταπτυχιακών Σπουδών Κοινωνική και Ιστορική Ανθρωπολογία. 
852 |a INST  |b LESVOS  |c DIATR  |e 20060216  |h 49  |p 005100034241  |q 005100034241  |t MTXE  |y 23 
852 |a INST  |b LESVOS  |c DIATR  |e 20060216  |h 50  |p 005100034197  |q 005100034197  |t MTXE  |y 23 
856 |u http://hdl.handle.net/11610/14514 
901 |a BIBL1-2006-1 
909 |a Λ  |b 121423 
909 |a Λ  |b 121422 
924 |a ΑΝΤΙΝΟΓΛΟΥ  |b ΕΛΕΝΗ  |y ΛΕΣΒΟΣ  |z 2005-07 
970 |a ΜΑΡΙΝΑΤΟΥ  |b ΜΥΡΣΙΝΗ  |z 2006/02/16